[Event "Zetters"]
[Site "Birmingham"]
[Date "1975.03.27"]
[Round "1"]
[White "Ball, John David L"]
[Black "Webb, Simon"]
[Result "0-1"]
[WhiteElo "2200"]
[BlackElo "2385"]
[PlyCount "90"]
[EventDate "1975.03.27"]
[EventType "tourn"]
[EventRounds "15"]
[EventCountry "ENG"]
[EventCategory "6"]
[SourceTitle "BritBase"]
[Source "John Saunders"]
[SourceDate "2025.06.06"]
[SourceVersion "1"]
[SourceVersionDate "2025.06.06"]
[SourceQuality "1"]

1. d4 Nf6 2. c4 c5 3. e3 e6 4. Nf3 d5 5. Nc3 Nc6 6. a3 Ne4 7. dxc5 Nxc3 8. bxc3 dxc4 9. Qxd8+ Nxd8 10. Bxc4 Bxc5 11. Ke2 Nc6 12. Rd1 Na5 13. Bb5+ Ke7 14. Rb1 a6 15. Ba4 f6 16. Nd2 f5 17. Nb3 Nxb3 18. Bxb3 Bd7 19. Bb2 Bc6 20. f3 g5 21. c4 Rhg8 22. g3 g4 23. fxg4 fxg4 24. Rf1 Rgf8 25. Rxf8 Rxf8 26. Re1 Bf3+ 27. Kd2 Bg2 28. Bc2 Bf1 29. Kc3 Rf2 30. Bxh7 Be2 31. Be4 b6 32. Rh1 Bxe3 33. Bc1 Bc5 34. a4 Bf3 35. Bxf3 Rxf3+ 36. Kc2 Bd4 37. Bd2 a5 38. Re1 Kd6 39. Re4 e5 40. Rxg4 Kc5 41. h4 Kxc4 42. h5 Ra3 43. h6 Ra2+ 44. Kd1 Kd3 45. Bc1 Rg2 0-1

[Event "Zetters"]
[Site "Birmingham"]
[Date "1975.03.27"]
[Round "1"]
[White "Botterill, George Steven"]
[Black "Damjanovic, Mato"]
[Result "1/2-1/2"]
[WhiteElo "2400"]
[BlackElo "2455"]
[PlyCount "97"]
[EventDate "1975.03.27"]
[EventType "tourn"]
[EventRounds "15"]
[EventCountry "ENG"]
[EventCategory "6"]
[SourceTitle "BritBase"]
[Source "John Saunders"]
[SourceDate "2025.06.06"]
[SourceVersion "1"]
[SourceVersionDate "2025.06.06"]
[SourceQuality "1"]

1. e4 c5 2. Nf3 e6 3. b3 Nc6 4. Bb2 a6 5. Be2 d5 6. exd5 exd5 7. d4 Nf6 8. O-O Be6 9. Nbd2 cxd4 10. Nxd4 Nxd4 11. Bxd4 Be7 12. c4 O-O 13. c5 Ne4 14. b4 Bf6 15. Nb3 Re8 16. f3 Nc3 17. Qd2 Nxe2+ 18. Qxe2 a5 19. Bxf6 Qxf6 20. Nxa5 Qd4+ 21. Qf2 Qxb4 22. Nb3 Ra4 23. Rad1 Rea8 24. Rd2 h6 25. Rc1 Qa3 26. Rcc2 Rc4 27. h3 Raa4 28. Kh2 Rxc2 29. Rxc2 Rc4 30. Rd2 Qb4 31. Qe3 Rc3 32. Qd4 Rc4 33. Qe3 Kh8 34. Rd4 Qa3 35. Rd2 Qb4 36. Rd4 b6 37. cxb6 Qxb6 38. f4 Rc2 39. a4 Bf5 40. a5 Qa7 41. Qe5 Be4 42. Nd2 Rxd2 43. Rxd2 Qxa5 44. Rb2 Kh7 45. f5 Qd8 46. Rf2 Qg5 47. Qd4 Bxf5 48. Qxd5 Be6 49. Qxg5 1/2-1/2

[Event "Zetters"]
[Site "Birmingham"]
[Date "1975.03.27"]
[Round "1"]
[White "Corden, Martyn John"]
[Black "Chellstorp, Craig"]
[Result "1-0"]
[WhiteElo "2315"]
[BlackElo "2380"]
[PlyCount "57"]
[EventDate "1975.03.27"]
[EventType "tourn"]
[EventRounds "15"]
[EventCountry "ENG"]
[EventCategory "6"]
[SourceTitle "BritBase"]
[Source "John Saunders"]
[SourceDate "2025.06.06"]
[SourceVersion "1"]
[SourceVersionDate "2025.06.06"]
[SourceQuality "1"]

1. e4 c5 2. Nf3 d6 3. d4 cxd4 4. Nxd4 Nf6 5. Nc3 a6 6. Bg5 e6 7. Be2 Nbd7 8. a4 Be7 9. a5 Qc7 10. O-O b5 11. axb6 Nxb6 12. Nb3 Bb7 13. Na5 Nxe4 14. Bxe7 Kxe7 15. Nxe4 Bxe4 16. Qd4 d5 17. c4 Rhc8 18. Rfc1 f6 19. cxd5 Qxc1+ 20. Rxc1 Rxc1+ 21. Bf1 Bxd5 22. Qxb6 Rac8 23. Qxa6 R8c2 24. h3 Rb1 25. Kh2 Rbxb2 26. Nc4 Ra2 27. Qd6+ Kf7 28. Qd7+ Kf8 29. Nd6 1-0

[Event "Zetters"]
[Site "Birmingham"]
[Date "1975.03.27"]
[Round "1"]
[White "Haag, Ervin"]
[Black "Matulovic, Milan"]
[Result "0-1"]
[WhiteElo "2430"]
[BlackElo "2530"]
[PlyCount "84"]
[EventDate "1975.03.27"]
[EventType "tourn"]
[EventRounds "15"]
[EventCountry "ENG"]
[EventCategory "6"]
[SourceTitle "BritBase"]
[Source "John Saunders"]
[SourceDate "2025.06.06"]
[SourceVersion "1"]
[SourceVersionDate "2025.06.06"]
[SourceQuality "1"]

1. e4 c5 2. Nf3 Nc6 3. Bb5 g6 4. O-O Bg7 5. Re1 Nf6 6. c3 O-O 7. h3 Qc7 8. d4 cxd4 9. cxd4 d5 10. e5 Ne4 11. Nc3 Nxc3 12. bxc3 Na5 13. Ba3 Bd7 14. Bxd7 Qxd7 15. Qd3 Nc4 16. Bc1 Rac8 17. Ng5 f6 18. exf6 exf6 19. Nf3 g5 20. Nd2 Rfe8 21. Rd1 Nd6 22. Bb2 Qe6 23. Rab1 b6 24. a4 Nc4 25. Nxc4 Rxc4 26. Ra1 Qe2 27. Qf5 Rd8 28. Rab1 Qe4 29. Qxe4 dxe4 30. Ra1 f5 31. Re1 Re8 32. a5 b5 33. a6 Re6 34. Ra5 Rb6 35. g4 Ra4 36. Ra1 Rxa1+ 37. Bxa1 f4 38. Bb2 Bf8 39. Kf1 Kf7 40. Ke2 Ke6 41. f3 exf3+ 42. Kxf3 Kd5 0-1

[Event "Zetters"]
[Site "Birmingham"]
[Date "1975.03.27"]
[Round "1"]
[White "Janosevic, Dragoljub"]
[Black "Gasic, Bozidar"]
[Result "1-0"]
[WhiteElo "2465"]
[BlackElo "2365"]
[PlyCount "125"]
[EventDate "1975.03.27"]
[EventType "tourn"]
[EventRounds "15"]
[EventCountry "ENG"]
[EventCategory "6"]
[SourceTitle "BritBase"]
[Source "John Saunders"]
[SourceDate "2025.06.06"]
[SourceVersion "1"]
[SourceVersionDate "2025.06.06"]
[SourceQuality "1"]

1. e4 c5 2. Nf3 e6 3. d4 cxd4 4. Nxd4 Nc6 5. Nc3 Qc7 6. g3 a6 7. Bg2 d6 8. O-O Bd7 9. Re1 Be7 10. Nb3 Nf6 11. f4 O-O 12. a4 Rfd8 13. a5 Be8 14. Be3 Nd7 15. Qd2 b5 16. Qf2 Rab8 17. Ne2 Nb4 18. Ned4 Rdc8 19. Qd2 Nc6 20. Nxc6 Qxc6 21. Nd4 Qc7 22. c3 Nf6 23. Nc2 Bc6 24. Nb4 Bb7 25. Bb6 Qd7 26. Rad1 d5 27. e5 Ne8 28. Nd3 g6 29. b4 Ng7 30. g4 Bd8 31. Bd4 Be7 32. Rf1 Rc7 33. Ne1 Rf8 34. Bh3 f6 35. exf6 Bxf6 36. Nd3 Bxd4+ 37. cxd4 Qe7 38. Nc5 Qh4 39. Qe3 Bc8 40. Qg3 Qd8 41. Rde1 Qd6 42. Re5 Rcf7 43. Rf2 Kh8 44. Bf1 Ne8 45. Bd3 Nf6 46. h3 Ne4 47. Bxe4 dxe4 48. Qe3 g5 49. Nxe4 Qxb4 50. Nxg5 Rg7 51. Rc5 Qxa5 52. Qe5 Qd8 53. Rxc8 Qxc8 54. Nxe6 Rfg8 55. f5 Qb8 56. Nxg7 Qxe5 57. dxe5 Kxg7 58. Rc2 Rb8 59. Rc7+ Kg8 60. f6 b4 61. e6 b3 62. Rg7+ Kh8 63. Rb7 1-0

[Event "Zetters"]
[Site "Birmingham"]
[Date "1975.03.28"]
[Round "2"]
[White "Chellstorp, Craig"]
[Black "Cafferty, Bernard"]
[Result "1-0"]
[WhiteElo "2380"]
[BlackElo "2335"]
[PlyCount "81"]
[EventDate "1975.03.27"]
[EventType "tourn"]
[EventRounds "15"]
[EventCountry "ENG"]
[EventCategory "6"]
[SourceTitle "BritBase"]
[Source "John Saunders"]
[SourceDate "2025.06.06"]
[SourceVersion "1"]
[SourceVersionDate "2025.06.06"]
[SourceQuality "1"]

1. Nf3 Nf6 2. g3 d5 3. Bg2 c6 4. d3 Bf5 5. Nh4 Bg4 6. h3 Bd7 7. Nc3 e6 8. e4 Bb4 9. e5 Ng8 10. Qg4 Bf8 11. O-O c5 12. f4 g6 13. f5 exf5 14. Qf3 Be6 15. Nxd5 Nc6 16. Nf4 Bg7 17. Be3 Bxe5 18. Bxc5 Nge7 19. Nxe6 fxe6 20. Rae1 Bd4+ 21. Bxd4 Qxd4+ 22. Qe3 Kf7 23. Nf3 Qxe3+ 24. Rxe3 Kf6 25. Rfe1 Nd8 26. Nd4 g5 27. Nxe6 Ng6 28. Nxd8 Raxd8 29. Re6+ Kg7 30. Bxb7 h5 31. Bc6 h4 32. Be8 Nf8 33. Re7+ Kh6 34. Rxa7 Rd6 35. Rf7 hxg3 36. Rxf5 Nh7 37. Rfe5 Nf6 38. Re6 Rxe6 39. Rxe6 Kg7 40. Re7+ Kh6 41. Bd7 1-0

[Event "Zetters"]
[Site "Birmingham"]
[Date "1975.03.28"]
[Round "2"]
[White "Damjanovic, Mato"]
[Black "Janosevic, Dragoljub"]
[Result "1/2-1/2"]
[WhiteElo "2455"]
[BlackElo "2465"]
[PlyCount "35"]
[EventDate "1975.03.27"]
[EventType "tourn"]
[EventRounds "15"]
[EventCountry "ENG"]
[EventCategory "6"]
[SourceTitle "BritBase"]
[Source "John Saunders"]
[SourceDate "2025.06.06"]
[SourceVersion "1"]
[SourceVersionDate "2025.06.06"]
[SourceQuality "1"]

1. d4 Nf6 2. c4 e6 3. Nc3 d5 4. Bg5 Nbd7 5. cxd5 exd5 6. e3 c6 7. Bd3 Be7 8. Nge2 Nf8 9. Qc2 Ne6 10. Bxf6 Bxf6 11. O-O-O g6 12. Kb1 Ng7 13. h3 Bf5 14. g4 Bxd3 15. Qxd3 h5 16. Nf4 Qd6 17. Qc2 Ne6 18. Nd3 1/2-1/2

[Event "Zetters"]
[Site "Birmingham"]
[Date "1975.03.28"]
[Round "2"]
[White "Matera, Salvatore Joseph"]
[Black "Haag, Ervin"]
[Result "1/2-1/2"]
[WhiteElo "2385"]
[BlackElo "2430"]
[PlyCount "55"]
[EventDate "1975.03.27"]
[EventType "tourn"]
[EventRounds "15"]
[EventCountry "ENG"]
[EventCategory "6"]
[SourceTitle "BritBase"]
[Source "John Saunders"]
[SourceDate "2025.06.06"]
[SourceVersion "1"]
[SourceVersionDate "2025.06.06"]
[SourceQuality "1"]

1. c4 e5 2. d3 Nc6 3. g3 g6 4. Bg2 Bg7 5. Nc3 Nge7 6. Rb1 d6 7. b4 h5 8. b5 Nd4 9. h4 O-O 10. Nh3 c6 11. bxc6 bxc6 12. e3 Bg4 13. f3 Bxh3 14. Bxh3 Ne6 15. O-O f5 16. Ne2 Qc7 17. Ba3 Rab8 18. Qc2 Nc5 19. d4 Qa5 20. Bxc5 dxc5 21. dxe5 Bxe5 22. f4 Bf6 23. Rfd1 Rfd8 24. Kf2 Rxb1 25. Rxd8+ Qxd8 26. Qxb1 Kf7 27. Qc2 Qd6 28. Bg2 1/2-1/2

[Event "Zetters"]
[Site "Birmingham"]
[Date "1975.03.28"]
[Round "2"]
[White "Matulovic, Milan"]
[Black "Ball, John David L"]
[Result "1-0"]
[WhiteElo "2530"]
[BlackElo "2200"]
[PlyCount "51"]
[EventDate "1975.03.27"]
[EventType "tourn"]
[EventRounds "15"]
[EventCountry "ENG"]
[EventCategory "6"]
[SourceTitle "BritBase"]
[Source "John Saunders"]
[SourceDate "2025.06.06"]
[SourceVersion "1"]
[SourceVersionDate "2025.06.06"]
[SourceQuality "1"]

1. e4 e5 2. Nf3 Nc6 3. Bb5 a6 4. Ba4 Nf6 5. O-O Nxe4 6. d4 b5 7. Bb3 d5 8. dxe5 Be6 9. Qe2 Bc5 10. Be3 O-O 11. Rd1 d4 12. Bxe6 fxe6 13. Nc3 Nxc3 14. bxc3 dxe3 15. Rxd8 exf2+ 16. Kf1 Raxd8 17. Ng5 Na5 18. Qh5 h6 19. Nxe6 Nc4 20. Nxd8 Rxd8 21. e6 Rd5 22. e7 Ne3+ 23. Ke2 Bxe7 24. Qe8+ Kh7 25. Qxe7 Nf5 26. Qe4 1-0

[Event "Zetters"]
[Site "Birmingham"]
[Date "1975.03.28"]
[Round "2"]
[White "Mestel, A Jonathan"]
[Black "Botterill, George Steven"]
[Result "1-0"]
[WhiteElo "2290"]
[BlackElo "2400"]
[PlyCount "185"]
[EventDate "1975.03.27"]
[EventType "tourn"]
[EventRounds "15"]
[EventCountry "ENG"]
[EventCategory "6"]
[SourceTitle "BritBase"]
[Source "John Saunders"]
[SourceDate "2025.06.06"]
[SourceVersion "1"]
[SourceVersionDate "2025.06.06"]
[SourceQuality "1"]

1. Nf3 g6 2. g3 Bg7 3. Bg2 f5 4. d4 Nf6 5. O-O O-O 6. Re1 d6 7. Nc3 Nh5 8. e4 f4 9. Nd5 e5 10. dxe5 dxe5 11. b3 c6 12. Nc3 Qf6 13. Ba3 Rf7 14. Qd6 Be6 15. Ng5 Bf8 16. Qxe6 Qxe6 17. Nxe6 Bxa3 18. Rad1 Nd7 19. Bh3 Nb6 20. Rd3 h6 21. Nb1 Bf8 22. Red1 Kh7 23. c4 fxg3 24. hxg3 Nf6 25. Nxf8+ Raxf8 26. Nc3 Re7 27. Kg2 Kg7 28. f3 Nh7 29. c5 Na8 30. Rd7 Rff7 31. Rxe7 Rxe7 32. Rd7 Kf7 33. Rxe7+ Kxe7 34. Bc8 Nc7 35. Na4 Ng5 36. Bxb7 Kd7 37. Nb2 Nge6 38. Nd3 Nd8 39. Nxe5+ Ke6 40. Nxc6 Nxb7 41. b4 a5 42. a3 axb4 43. axb4 Na6 44. f4 Kd7 45. Ne5+ Ke6 46. Nd3 Nxb4 47. Nxb4 Nxc5 48. Kf3 h5 49. Ke3 Nd7 50. Kd4 Nf6 51. Nc2 Ng4 52. Kc4 Nf2 53. Nd4+ Kf7 54. Kd5 Nh1 55. Ne2 Ke7 56. Ke5 Nf2 57. Kd5 Nh1 58. Kd4 Nf2 59. Ke3 Ng4+ 60. Kf3 Ke6 61. Kg2 Kf6 62. Nc3 Ne3+ 63. Kh3 Nf1 64. Nd5+ Ke6 65. Kg2 Nd2 66. Nc3 Nb3 67. Kf3 Nd4+ 68. Kf2 Kf6 69. Ke3 Nc2+ 70. Kd3 Ne1+ 71. Kc4 Ke6 72. Ne2 Ng2 73. Kd4 Ne1 74. Ke3 Nc2+ 75. Kd2 Nb4 76. Kc3 Na6 77. Nd4+ Ke7 78. Kc4 Nc7 79. Kc5 Kd7 80. Nf3 Ne6+ 81. Kd5 Ke7 82. Ne5 Nf8 83. Nc6+ Kd7 84. Nd4 Ke7 85. Nc6+ Kd7 86. Nd4 Ke7 87. e5 Nd7 88. Nc6+ Ke8 89. Kd6 Nb6 90. Ne7 Nc4+ 91. Ke6 g5 92. fxg5 Ne3 93. Nf5 1-0

[Event "Zetters"]
[Site "Birmingham"]
[Date "1975.03.29"]
[Round "3"]
[White "Corden, Martyn John"]
[Black "Webb, Simon"]
[Result "0-1"]
[WhiteElo "2315"]
[BlackElo "2385"]
[PlyCount "82"]
[EventDate "1975.03.27"]
[EventType "tourn"]
[EventRounds "15"]
[EventCountry "ENG"]
[EventCategory "6"]
[SourceTitle "BritBase"]
[Source "John Saunders"]
[SourceDate "2025.06.06"]
[SourceVersion "1"]
[SourceVersionDate "2025.06.06"]
[SourceQuality "1"]

1. e4 e6 2. d4 d5 3. Nc3 Bb4 4. Nge2 dxe4 5. a3 Be7 6. Nxe4 Nf6 7. N2g3 Nbd7 8. Be3 Nd5 9. Bd2 c5 10. c4 N5f6 11. Bc3 O-O 12. Be2 Nxe4 13. Nxe4 cxd4 14. Qxd4 e5 15. Qd5 Qc7 16. O-O Nf6 17. Nxf6+ Bxf6 18. Rfd1 Be6 19. Qe4 Rfc8 20. Rac1 Qc6 21. Qxc6 Rxc6 22. f4 Rac8 23. Bxe5 Bxe5 24. fxe5 Rc5 25. Bf3 b5 26. Bb7 Rb8 27. b4 Rxc4 28. Rxc4 bxc4 29. Bc6 Kf8 30. Kf2 Ke7 31. Ke3 a6 32. Kd2 Bg4 33. Rc1 Rd8+ 34. Ke1 Rd3 35. a4 Be6 36. Bb7 Rb3 37. Bxa6 Rxb4 38. Bb5 Bd5 39. Rc2 Ke6 40. Ra2 Rb1+ 41. Kf2 c3 0-1

[Event "Zetters"]
[Site "Birmingham"]
[Date "1975.03.29"]
[Round "3"]
[White "Gasic, Bozidar"]
[Black "Damjanovic, Mato"]
[Result "1/2-1/2"]
[WhiteElo "2365"]
[BlackElo "2455"]
[PlyCount "39"]
[EventDate "1975.03.27"]
[EventType "tourn"]
[EventRounds "15"]
[EventCountry "ENG"]
[EventCategory "6"]
[SourceTitle "BritBase"]
[Source "John Saunders"]
[SourceDate "2025.06.06"]
[SourceVersion "1"]
[SourceVersionDate "2025.06.06"]
[SourceQuality "1"]

1. Nf3 g6 2. c4 Bg7 3. Nc3 Nf6 4. g3 O-O 5. Bg2 c6 6. d4 d5 7. cxd5 cxd5 8. O-O Nc6 9. Ne5 e6 10. Nxc6 bxc6 11. Bf4 Nh5 12. Be3 a5 13. Na4 Ba6 14. Nc5 a4 15. Nxa4 Bxe2 16. Qxe2 Rxa4 17. b3 Ra7 18. Rac1 Qb6 19. Rfd1 Rfa8 20. Rc2 1/2-1/2

[Event "Zetters"]
[Site "Birmingham"]
[Date "1975.03.29"]
[Round "3"]
[White "Janosevic, Dragoljub"]
[Black "Mestel, A Jonathan"]
[Result "0-1"]
[WhiteElo "2465"]
[BlackElo "2290"]
[PlyCount "148"]
[EventDate "1975.03.27"]
[EventType "tourn"]
[EventRounds "15"]
[EventCountry "ENG"]
[EventCategory "6"]
[SourceTitle "BritBase"]
[Source "John Saunders"]
[SourceDate "2025.06.06"]
[SourceVersion "1"]
[SourceVersionDate "2025.06.06"]
[SourceQuality "1"]

1. e4 c5 2. Nf3 d6 3. d4 cxd4 4. Nxd4 Nf6 5. Nc3 g6 6. Be3 Bg7 7. f3 O-O 8. Bc4 Bd7 9. Qd2 Nc6 10. h4 Ne5 11. Bb3 h5 12. Bh6 Bxh6 13. Qxh6 Rc8 14. g4 Rxc3 15. bxc3 Qa5 16. O-O-O Qxc3 17. Kb1 a5 18. gxh5 a4 19. hxg6 axb3 20. cxb3 fxg6 21. h5 Nxh5 22. f4 Nd3 23. Qxg6+ Ng7 24. Rh2 Rc8 25. Qg1 Nxf4 26. Rc2 Qa5 27. Rxc8+ Bxc8 28. Qe3 Qe5 29. Nf3 Qf6 30. e5 Bf5+ 31. Ka1 dxe5 32. Qxe5 Kf7 33. a4 Bc2 34. Rd4 Nfe6 35. Qxf6+ Kxf6 36. Rb4 Nc5 37. Rc4 Nxb3+ 38. Kb2 Bd1 39. Rf4+ Nf5 40. Rb4 Bxf3 41. Rxb3 Bc6 42. a5 e5 43. a6 bxa6 44. Rb6 Nd4 45. Rxa6 Kf5 46. Kc3 Kf4 47. Kd2 Nf3+ 48. Kd1 Bb5 49. Rb6 Bd3 50. Rb2 Kg3 51. Rb3 e4 52. Ra3 Kf2 53. Ra2+ Kf1 54. Ra3 Be2+ 55. Kc1 Kf2 56. Rc3 Nd4 57. Kd2 Nf3+ 58. Kc1 e3 59. Ra3 Bc4 60. Rxe3 Kxe3 61. Kb2 Kd2 62. Ka1 Kc3 63. Kb1 Nd4 64. Ka1 Nc2+ 65. Kb1 Bd5 66. Kc1 Ba2 67. Kd1 Nd4 68. Ke1 Bd5 69. Kd1 Be4 70. Kc1 Ne2+ 71. Kd1 Kd3 72. Ke1 Ke3 73. Kd1 Bh7 74. Ke1 Bc2 0-1

[Event "Zetters"]
[Site "Birmingham"]
[Date "1975.03.30"]
[Round "4"]
[White "Chellstorp, Craig"]
[Black "Janosevic, Dragoljub"]
[Result "0-1"]
[WhiteElo "2380"]
[BlackElo "2465"]
[PlyCount "62"]
[EventDate "1975.03.27"]
[EventType "tourn"]
[EventRounds "15"]
[EventCountry "ENG"]
[EventCategory "6"]
[SourceTitle "BritBase"]
[Source "John Saunders"]
[SourceDate "2025.06.06"]
[SourceVersion "1"]
[SourceVersionDate "2025.06.06"]
[SourceQuality "1"]

1. d4 Nf6 2. c4 c5 3. Nf3 g6 4. g3 Bg7 5. Bg2 O-O 6. O-O Nc6 7. Nc3 d6 8. dxc5 dxc5 9. Be3 Qa5 10. Nd2 Rd8 11. Qc1 Nd4 12. Re1 Bf5 13. Bxb7 Rab8 14. Bh1 Ng4 15. Nb3 Qc7 16. Nxd4 cxd4 17. Bf4 dxc3 18. Bxc7 cxb2 19. Qf4 bxa1=Q 20. Rxa1 Bxa1 21. Bxb8 e5 22. Qc1 Rxb8 23. e4 Bb2 24. Qg5 Be6 25. h3 Nxf2 26. Kxf2 Bd4+ 27. Kf3 Rb2 28. Qd8+ Kg7 29. g4 h6 30. Qc7 Rc2 31. Kg3 Bxc4 0-1

[Event "Zetters"]
[Site "Birmingham"]
[Date "1975.03.30"]
[Round "4"]
[White "Haag, Ervin"]
[Black "Ball, John David L"]
[Result "1-0"]
[WhiteElo "2430"]
[BlackElo "2200"]
[PlyCount "95"]
[EventDate "1975.03.27"]
[EventType "tourn"]
[EventRounds "15"]
[EventCountry "ENG"]
[EventCategory "6"]
[SourceTitle "BritBase"]
[Source "John Saunders"]
[SourceDate "2025.06.06"]
[SourceVersion "1"]
[SourceVersionDate "2025.06.06"]
[SourceQuality "1"]

1. e4 e6 2. d4 d5 3. Nc3 Nf6 4. e5 Nfd7 5. f4 c5 6. Nf3 Nc6 7. Be3 Qb6 8. Na4 Qa5+ 9. c3 cxd4 10. b4 Qc7 11. Nxd4 a6 12. Qd2 b5 13. Nb2 Nb6 14. Be2 Bb7 15. O-O g6 16. a4 bxa4 17. Nxa4 Nc4 18. Bxc4 dxc4 19. Qf2 Nxd4 20. Bxd4 Be7 21. Bc5 O-O 22. Bxe7 Qxe7 23. Nc5 Rfd8 24. Rfd1 Rxd1+ 25. Rxd1 Bd5 26. Ra1 a5 27. bxa5 Qa7 28. h3 Kg7 29. Ra2 Kg8 30. Kh2 h6 31. Qd4 Kh7 32. Kg3 Kg7 33. Kf2 Kf8 34. Ke3 Qc7 35. a6 Qc6 36. g4 Kg7 37. f5 Bg2 38. Rf2 Bxh3 39. fxe6 fxe6 40. Qd6 Qxd6 41. exd6 Bxg4 42. Kf4 Bf5 43. Ke5 Kf7 44. Rb2 g5 45. d7 Ke7 46. Rb7 g4 47. a7 g3 48. Rb8 1-0

[Event "Zetters"]
[Site "Birmingham"]
[Date "1975.03.31"]
[Round "5"]
[White "Bisguier, Arthur Bernard"]
[Black "Haag, Ervin"]
[Result "1/2-1/2"]
[WhiteElo "2445"]
[BlackElo "2430"]
[PlyCount "100"]
[EventDate "1975.03.27"]
[EventType "tourn"]
[EventRounds "15"]
[EventCountry "ENG"]
[EventCategory "6"]
[SourceTitle "BritBase"]
[Source "John Saunders"]
[SourceDate "2025.06.06"]
[SourceVersion "1"]
[SourceVersionDate "2025.06.06"]
[SourceQuality "1"]

1. e4 e5 2. Nf3 Nc6 3. Bb5 a6 4. Ba4 Nf6 5. d3 d6 6. c3 Be7 7. Nbd2 O-O 8. Nf1 b5 9. Bc2 Re8 10. Qe2 Bf8 11. Ng3 g6 12. O-O Bg7 13. h3 Bb7 14. Nh2 d5 15. Bg5 d4 16. Ng4 Qd6 17. Nh6+ Bxh6 18. Bxh6 Kh8 19. Bb3 Ng8 20. Bd2 Re7 21. c4 Bc8 22. f4 bxc4 23. Bxc4 Be6 24. Bxe6 Qxe6 25. f5 Qd6 26. Qg4 Rb8 27. b3 Nb4 28. Rf3 a5 29. fxg6 fxg6 30. Qh4 Qe6 31. Bxb4 Rxb4 32. Raf1 Rb8 33. Qg5 a4 34. bxa4 Qxa2 35. Rf8 Rxf8 36. Rxf8 Qe6 37. Nf5 Re8 38. Rxe8 Qxe8 39. Nh4 Qe7 40. Qg3 Nh6 41. a5 Qc5 42. Qg5 Kg7 43. a6 Nf7 44. Nf5+ Kg8 45. Ne7+ Kg7 46. Qh4 Qb6 47. Nd5 Qxa6 48. Nxc7 Qc6 49. Nd5 Qc1+ 50. Kh2 Qg5 1/2-1/2

[Event "Zetters"]
[Site "Birmingham"]
[Date "1975.03.31"]
[Round "5"]
[White "Botterill, George Steven"]
[Black "Webb, Simon"]
[Result "0-1"]
[WhiteElo "2400"]
[BlackElo "2385"]
[PlyCount "90"]
[EventDate "1975.03.27"]
[EventType "tourn"]
[EventRounds "15"]
[EventCountry "ENG"]
[EventCategory "6"]
[SourceTitle "BritBase"]
[Source "John Saunders"]
[SourceDate "2025.06.06"]
[SourceVersion "1"]
[SourceVersionDate "2025.06.06"]
[SourceQuality "1"]

1. d4 Nf6 2. c4 c5 3. d5 b5 4. cxb5 a6 5. bxa6 Bxa6 6. Nc3 g6 7. Nf3 d6 8. g3 Bg7 9. Bh3 O-O 10. O-O Nbd7 11. Qc2 h5 12. Rd1 Qa5 13. Bg5 Ng4 14. Kg2 Rfe8 15. Nd2 Nde5 16. Rac1 Bc8 17. Rf1 Bf5 18. e4 Bc8 19. Nb3 Qb6 20. Rcd1 Ba6 21. Rfe1 Nd3 22. Rxd3 Bxd3 23. Qxd3 c4 24. Be3 Nxe3+ 25. Qxe3 Qxe3 26. Rxe3 cxb3 27. axb3 Reb8 28. Na4 Rb4 29. Bd7 Rab8 30. Bc6 Rxb3 31. Re1 Bxb2 32. Nxb2 Rxb2 33. e5 Rd2 34. exd6 exd6 35. Re3 Rbb2 36. Rf3 Kg7 37. h4 Re2 38. Rf4 Re5 39. Rf3 Rf5 40. Rxf5 gxf5 41. Kf3 Rb3+ 42. Kf4 Kf6 43. f3 Rb4+ 44. Ke3 f4+ 45. gxf4 Rb2 0-1

[Event "Zetters"]
[Site "Birmingham"]
[Date "1975.03.31"]
[Round "5"]
[White "Cafferty, Bernard"]
[Black "Matulovic, Milan"]
[Result "0-1"]
[WhiteElo "2335"]
[BlackElo "2530"]
[PlyCount "152"]
[EventDate "1975.03.27"]
[EventType "tourn"]
[EventRounds "15"]
[EventCountry "ENG"]
[EventCategory "6"]
[SourceTitle "BritBase"]
[Source "John Saunders"]
[SourceDate "2025.06.06"]
[SourceVersion "1"]
[SourceVersionDate "2025.06.06"]
[SourceQuality "1"]

1. e4 c5 2. Nf3 Nc6 3. Bb5 g6 4. O-O Bg7 5. Re1 Nf6 6. e5 Nd5 7. Nc3 Nc7 8. Bc4 O-O 9. d3 Ne6 10. Nd5 b6 11. c3 Bb7 12. a4 d6 13. exd6 Qxd6 14. Bg5 Nxg5 15. Nxg5 Ne5 16. Qb3 e6 17. Ne4 Qd8 18. Ne3 Rb8 19. Rad1 f5 20. f4 fxe4 21. fxe5 exd3 22. Bxd3 Qg5 23. Qxe6+ Kh8 24. Qg4 Qxe5 25. Nc4 Qf6 26. Rf1 Qc6 27. Qg3 Rbe8 28. Rxf8+ Rxf8 29. Nd6 Qxa4 30. Rf1 Rxf1+ 31. Bxf1 Bd5 32. Qg5 Bg8 33. Qe7 Qf4 34. g3 Qf6 35. Qxf6 Bxf6 36. Nc8 Bg5 37. c4 b5 38. cxb5 c4 39. b6 axb6 40. Nd6 Be3+ 41. Kg2 Bc5 42. Nxc4 Bd5+ 43. Kh3 h5 44. Ne5 Kg7 45. Bc4 Bb7 46. Nd7 Bd4 47. g4 hxg4+ 48. Kxg4 Bc8 49. Be6 Bxb2 50. Nc5 Bxe6+ 51. Nxe6+ Kf7 52. Nc7 Be5 53. Nd5 b5 54. h4 Ke6 55. Nb4 Bd6 56. Nc2 Kd5 57. Kg5 Kc4 58. Kxg6 Bc5 59. Kf5 Kc3 60. Ne1 Bf2 61. Nf3 b4 62. Ng5 b3 63. Ne4+ Kc2 64. Nxf2 b2 65. h5 b1=Q 66. Ng4 Qb5+ 67. Kg6 Qe8+ 68. Kg5 Qg8+ 69. Kf5 Qh7+ 70. Kg5 Qe7+ 71. Kg6 Qe8+ 72. Kg5 Kd3 73. h6 Qg8+ 74. Kf5 Kd4 75. Nf6 Qc8+ 76. Kg6 Ke5 0-1

[Event "Zetters"]
[Site "Birmingham"]
[Date "1975.03.31"]
[Round "5"]
[White "Corden, Martyn John"]
[Black "Matera, Salvatore Joseph"]
[Result "0-1"]
[WhiteElo "2315"]
[BlackElo "2385"]
[PlyCount "86"]
[EventDate "1975.03.27"]
[EventType "tourn"]
[EventRounds "15"]
[EventCountry "ENG"]
[EventCategory "6"]
[SourceTitle "BritBase"]
[Source "John Saunders"]
[SourceDate "2025.06.06"]
[SourceVersion "1"]
[SourceVersionDate "2025.06.06"]
[SourceQuality "1"]

1. e4 c5 2. Nf3 e6 3. d4 cxd4 4. Nxd4 Nf6 5. Nc3 d6 6. Be2 Nc6 7. Be3 Be7 8. O-O a6 9. a4 Qc7 10. f4 O-O 11. Qe1 Nxd4 12. Bxd4 e5 13. Be3 exf4 14. Rxf4 Be6 15. Rd1 Nd7 16. Bd4 Bf6 17. Bxf6 Nxf6 18. Qf2 Rac8 19. Qd4 Rfd8 20. Rf2 Qa5 21. Bf3 Rd7 22. Rfd2 h6 23. Qe3 Qb4 24. Rb1 Rc4 25. Be2 Rc5 26. Qd4 Qxd4+ 27. Rxd4 Kf8 28. Rbd1 Ke7 29. Kf2 Re5 30. Bf3 g5 31. g3 Rc5 32. R1d2 Nh7 33. Nd1 Nf8 34. Ne3 Ng6 35. Bg4 Ne5 36. Nd5+ Rxd5 37. exd5 Bxg4 38. c4 Rc7 39. Rc2 Bf5 40. Rc3 a5 41. b3 b6 42. Rd2 Be4 43. h3 f5 0-1